| 000 | 00652nam a22002417a 4500 | ||
|---|---|---|---|
| 001 | 0011750 | ||
| 003 | DO-SdBNP | ||
| 005 | 20161109094216.0 | ||
| 007 | 0011750 | ||
| 008 | 161109b 19uu fr||||| |||| 00| 0 spa d | ||
| 020 | _a9782800628332 | ||
| 040 |
_aBPMSU _bspa _cBPMSU |
||
| 041 | _afre | ||
| 082 |
_axxxxxxxxx _bxxxxxxxx |
||
| 100 | 1 | _aBilstein, Thomas | |
| 245 | 1 |
_aAu bord du / _cThomas-Bilstein ; ilustración Michael Rainaud |
|
| 260 |
_aBelgique, Francia : _bHemma, _c19uu. |
||
| 300 |
_a16 p. : _bil., _c24 cm. |
||
| 490 | 1 | _aPromenons-nous | |
| 830 | 0 | _aPromenons-nous | |
| 942 |
_2ddc _cBK |
||
| 956 |
_aBTAVÁREZ _b10 _c20161109 _d0011750 |
||
| 999 |
_c11872 _d11872 |
||